| 000 | 00334 a2200097 4500 | ||
|---|---|---|---|
| 001 | 55033 | ||
| 100 | _aOmer Ameen Qazi Wing Commander | ||
| 245 | _aLarge-eddy simulation of the flow around a controlled diffusion airfoil | ||
| 260 |
_aUK _bUni of Manchester, Institute of Science & Technology, UK _c2004 |
||
| 090 |
_c34134 _d34134 |
||
| 942 |
_aNUST-CAE _cMONOGRAPH _c26819 |
||
| 999 |
_c290106 _d290106 |
||